Statistics for Best player by each country (all time)

Click here to take the quiz!

General Stats

  • This quiz has been taken 30 times
  • The average score is 6 of 15

Answer Stats

HintAnswer% Correct
USAMichael Jordan
96%
FranceTony Parker
96%
SpainPau Gasol
67%
ChinaYao Ming
59%
GermanyDirk Nowitzki
48%
ArgentinaManu Ginobili
44%
CanadaSteve Nash
33%
RussiaAndrei kirilenko
19%
SudanManute Bol
19%
CroatiaTony Kukoc
19%
CongoDikembe mutombo
15%
EnglandLuol Deng
15%
ItalyDanilo Galinari
11%
SwitzerlandThabo Sefolosha
11%
BrazilNêne Hilario
4%

Score Distribution

Percentile by Number Answered

Percent of People with Each Score

Your Score History

You have not taken this quiz